000
00302nam a2200121Ia 4500
005
20251222152654.0
008
251222s9999||||xx |||||||||||||| ||spa||
020
_a
8430916520
082
_a
340.1/P59
100
_a
Piñar Mañas, José Luis
245
0
_a
Legislación sobre Funcionarios:
942
_c
LIB
999
_c
28564
_d
28564